000 00580nam a2200217Ia 4500
005 20260320201558.0
008 008 262003s9999 xx 000 0 eng d
037 _aEBOOK
040 _aCRL
040 _beng
040 _cCRL
041 _2eng
041 _aeng
084 _qCRL
245 0 _a6G Connectivity-Systems, Technologies, and Applications: Digitalization of New Technologies, 6G and Evolution
260 _bIEEE
856 _uhttps://ieeexplore.ieee.org/servlet/opac?bknumber=10440194
942 _cEBOOK
999 _c1722163
_d1722163